Az örökkévalóság ereje

Bibliographic Details
Other Authors: Csiba, Annabella (Interviewer)
Format: Article
Language:Hungarian
PhysicalDescription:Fotogr.
Subjects:

MARC

LEADER 00000nab a2200000 ar4500
001 vtls009209460
003 SK-MaSNL
005 20260318124824.0
008 080314c2008 xo ||||||h| 000 b|hun
015 |a SNBRB2008/03  |2 snkbucl 
038 |a SNKBUCL 
040 |a DSZK  |b slo  |c DSZK  |e AACR2 
041 0 |a hun 
044 |a xo  |c SK 
080 |a 82:929:821.511.141 (437.6)  |2 1997 
080 |a 821.511.141 (437.6):929  |2 1997 
080 |a 929 Csehy, Zoltán  |2 1997 
080 |a 929 Polgár, Anikó  |2 1997 
100 1 |a Csiba, Annabella  |4 ivr  |9 1035211 
245 1 3 |a Az örökkévalóság ereje  |c Csiba Annabella 
300 |b Fotogr. 
600 1 7 |a Csehy, Zoltán,  |d 1973-  |2 snkbucl  |9 86541 
600 1 7 |a Polgár, Anikó,  |d 1975-  |2 snkbucl  |9 101775 
655 7 |a články z novín a časopisov  |2 snkbucl  |9 267496 
773 0 |t Vasárnap  |g Évf. 41, sz. 9 (2008), o. 16-18 
852 |a SNK  |b KIS3GCP 
852 |a DSZK  |b KIS3GCP 
958 |a HU 
958 |a LX 
958 |a BX 
999 |c 2249482  |d 2251412